District of Columbia Pain-Capable Unborn Child Protection Act : hearing before the Subcommittee on the Constitution of the Committee on the Judiciary, House of Representatives, One Hundred Twelfth Congress, second session, on H.R. 3803, May 17, 2012.

Bibliographic Details
Corporate Author: United States. Congress. House. Committee on the Judiciary. Subcommittee on the Constitution
Format: Government Document eBook
Language:English
Published: Washington : U.S. G.P.O., 2012.
Subjects:
Online Access:https://purl.fdlp.gov/GPO/gpo27694

MARC

Tag First Indicator Second Indicator Subfields
LEADER 00000cam a2200000 a 4500
001 in00002781394
005 20211120170024.0
006 m d f
007 cr bn|||||||||
008 120831s2012 dcua ob f000 0 eng c
035 |a (OCoLC)ocn808836352 
040 |a GPO  |c GPO  |d GPO  |d MvI  |d UtOrBLW 
042 |a pcc 
043 |a n-us-dc 
049 |a WWW 
050 1 4 |a KF27  |b .J8565 2012e 
074 |a 1020-C (online) 
086 0 |a Y 4.J 89/1:112-118 
088 |a Serial no. 112-118 (United States. Congress. House. Committee on the Judiciary) 
110 1 |a United States.  |b Congress.  |b House.  |b Committee on the Judiciary.  |b Subcommittee on the Constitution. 
245 1 0 |a District of Columbia Pain-Capable Unborn Child Protection Act :  |b hearing before the Subcommittee on the Constitution of the Committee on the Judiciary, House of Representatives, One Hundred Twelfth Congress, second session, on H.R. 3803, May 17, 2012. 
246 3 |a District of Columbia Pain Capable Unborn Child Protection Act 
264 1 |a Washington :  |b U.S. G.P.O.,  |c 2012. 
300 |a 1 online resource (iv, 282 pages) :  |b illustrations 
336 |a text  |b txt  |2 rdacontent 
337 |a computer  |b c  |2 rdamedia 
338 |a online resource  |b cr  |2 rdacarrier 
500 |a Title from title screen (viewed on Aug. 31, 2012). 
504 |a Includes bibliographical references. 
500 |a "Serial number 112-118." 
500 |a Electronic resource. 
650 0 |a Abortion  |x Law and legislation  |z Washington (D.C.) 
650 0 |a Dilatation and extraction abortion  |x Law and legislation  |z United States. 
650 0 |a Abortion  |x Law and legislation  |z United States. 
776 0 8 |i Print version:  |a United States. Congress. House. Committee on the Judiciary. Subcommittee on the Constitution.  |t District of Columbia Pain-Capable Unborn Child Protection Act  |w (OCoLC)808837096 
776 0 8 |i Microfiche:  |a United States. Congress. House. Committee on the Judiciary. Subcommittee on the Constitution.  |t District of Columbia Pain-Capable Unborn Child Protection Act  |w (OCoLC)814401767 
856 4 0 |u https://purl.fdlp.gov/GPO/gpo27694  |t 0 
999 |a MARS 
999 f f |s a0c51731-593b-3e83-b7a2-52d81a9f88a5  |i 4b8dcc5a-dd83-3d2d-8cd2-048ca9008e81  |t 0 
952 f f |a Texas A&M University  |b College Station  |c Electronic Resources  |d Available Online  |t 0  |e Y 4.J 89/1:112-118  |h Superintendent of Documents classification 
998 f f |a Y 4.J 89/1:112-118  |t 0  |l Available Online